书目信息 |
| 题名: |
游泳
|
|
| 作者: | 李文静 , 温宇红 编著 | |
| 分册: | ||
| 出版信息: | 北京 北京体育大学出版社 2005 |
|
| 页数: | 96 | |
| 开本: | 20cm | |
| 丛书名: | ||
| 单 册: | ||
| 中图分类: | G861.14 | |
| 科图分类: | ||
| 主题词: | 雪上运动 , 水上运动 , 冰上运动 | |
| 电子资源: | ||
| ISBN: | 7-81100-056-3 | |
| 000 | 00674nam0 2200229 450 | |
| 001 | 0736480453 | |
| 005 | 20070817100800.46 | |
| 010 | @a7-81100-056-3@d¥17.00 | |
| 100 | @a20070817d km y0chiy0120 ea | |
| 101 | 0 | @achi |
| 200 | 1 | @a游泳@Ayou yong@e蝶泳技术图解@f温宇红,李文静编著@Fwen yu hong,li wen jing bian zhu |
| 210 | @a北京@c北京体育大学出版社@d2005 | |
| 215 | @a96@d20cm | |
| 517 | 1 | @a蝶泳技术图解@Adie yong ji shu tu jie |
| 606 | 0 | @a雪上运动 |
| 606 | 0 | @a水上运动 |
| 606 | 0 | @a冰上运动 |
| 690 | @aG861.14@v3 | |
| 701 | 0 | @a李文静@Ali wen jing@4编著 |
| 701 | 0 | @a温宇红@Awen yu hong@4编著 |
| 801 | 0 | @aCN@bPFT@c20070817 |
| 905 | @a213230@dG861.14@et23@f1 | |
| 游泳:蝶泳技术图解/温宇红,李文静编著.-北京:北京体育大学出版社,2005 |
| 96;20cm |
| ISBN 7-81100-056-3:¥17.00 |
| ● |
| 相关链接 |
|
|
|
|
正题名:游泳
索取号:G861.14/t23
 
预约/预借
| 序号 | 登录号 | 条形码 | 馆藏地/架位号 | 状态 | 备注 |
| 1 | 6903923 | 269039239 | 密集书库-体育系/ [索取号:G861.14/t23] | 在馆 | |
| 2 | 6903928 | 269039284 | 密集书库-体育系/ [索取号:G861.14/t23] | 在馆 |